zpět

Detail výsledku týmu

Pěkná brynda ST, Beroun

Datum a čas kvízu

34.5 Celkem bodů Celkový počet nahraných bodů na tomto kvízu bez doplňovacích otázek.
1. Pořadí na kvízu Konečné umístění týmu na tomto kvízu.

Zaznamenané odpovědi

# Otázka Odpověď Body Výsledky
1. Které konkrétní neočekávané zb... kokain 1
2. Která země letos pořádala svět... Jižní Korea 1
3. Ve čtvrtek mělo v českých kine... Gran Turismo, Orlando Bloom 0.5
4. Jak se nazývá každoroční meteo... Perseidy 1
5. Tuzemský fotbalový pohár minul... z Prostějova 0
6. Tentokrát se podíváme na různá... 1B 2D 3A 4C 1
7. Doplňte město do názvu dobrodr... York, Daniel Defoe 1
8. Mistr napětí Stephen King má v... Salem, Dallas 0.5
9. Poslední dvě otázky tohoto tém... Paul Gauguin, Tahiťanky 1
10. Napište jméno autora této uměl... David Černý 1